000
00293nam a2200109Ia 4500
008
220204s9999 xx 000 0 und d
082
_a
339.5
_b
CHA;1
100
_a
Chacholiades, Miltiades
245
0
_a
Intenational trade theory and policy
260
_a
New York
_b
McGraw Hill
_c
1978
942
_c
BK
999
_c
27752
_d
27752